000 01047nam a2200289 a 4500
001 000023637
005 20260116105540.0
008 101216s1992 sp 000 0 spa d
020 _a8427016069
040 _aDO-SdBNP
_bspa
_cBNPHU
041 1 7 _aspa
_heng
_2Código de idiomas MARC
082 _a155.2
_bT238s
100 1 _aTaylor, Cathryn L.
_948708
240 1 0 _aThe inner child workbook.
_lEspañol
245 1 0 _aSupere sus traumas y triunfe en la vida /
_cCathryn L. Taylor ; traducción Jorge Ribera.
260 _aBarcelona :
_bMartínez Roca,
_c1992.
300 _a314 p. ;
_c22 cm.
490 1 _aFontana Práctica
534 _aTítulo original :
_tThe inner child workbook
500 _aIncluye referencias biográficas del autor en la solapa de la contracubierta.
500 _a"Ejercicios que aplican las más modernas técnicas psicológicas".
650 0 _aPsicología aplicada
_91579
650 4 _aAutopercepción
_948709
700 1 _aRibera, Jorge,
_etr.
_910543
830 0 _aFontana Práctica
_948710
049 _aBNGR
999 _c23133
_d23133